The therminic vacuum tu be and its applications

Сохранить в:
Библиографические подробности
Главный автор: Bijl, H. J. van Der
Формат:
Язык:Undetermined
Опубликовано: New York McGraw-Hill Book Company 1920
Предметы:
Метки: Добавить метку
Нет меток, Требуется 1-ая метка записи!
Thư viện lưu trữ: Trung tâm Học liệu Trường Đại học Cần Thơ
LEADER 00516nam a2200181Ia 4500
001 CTU_83543
008 210402s9999 xx 000 0 und d
082 |a 384.1 
082 |b B594 
100 |a Bijl, H. J. van Der 
245 4 |a The therminic vacuum tu be and its applications 
245 0 |c H. J. van Der Bijl 
260 |a New York 
260 |b McGraw-Hill Book Company 
260 |c 1920 
650 |a Telegraph, wireless 
904 |i Qhieu(sửa) 
980 |a Trung tâm Học liệu Trường Đại học Cần Thơ